00989nam a2200205 a 450000100100000000500170001000800410002702000150006804000250008310000310010824501330013926000300027230000210030250001940032350400320051750400730054970000380062295201060066099900170076600004411420201002045145.0140516s1995 sp 000 0 spa d a8420694142 aDO-SdBNPbspacBNPHU1 aGarcía, Prudencio97211213aEl drama de la autonomía militar :bArgentina bajo las juntas militares /cPrudencio García ; prólogo de Ernesto Sábato. aMadrid :bAlianza,c1995. a585 p. ;c24 cm. aEl autor hace un estudio de los origenes sociológicos, causas y efectos del último de los golpes de Estado ocurridos en Argentina, remontándose a los anteriores y sucesivos desde 1930 aBibliografía : p. 565-585 aIncluye referencias bibliográficas y notas al pie de las páginas12aSábato, Ernesto,epról.98788 0010507-18MOaGRbGRcOId2014-05-16iLF1l0o p44114-10r2020-06-25w2020-06-25y1ZNo se presta c43603d43603